Bananas And Plantains | Postharvest Management , Storage, Ripening and Processing (Record no. 17445)
[ view plain ]
| 000 -LEADER | |
|---|---|
| fixed length control field | 00426nam a22001457a 4500 |
| 003 - CONTROL NUMBER IDENTIFIER | |
| control field | OSt |
| 008 - FIXED-LENGTH DATA ELEMENTS--GENERAL INFORMATION | |
| fixed length control field | 210916b ||||| |||| 00| 0 eng d |
| 020 ## - INTERNATIONAL STANDARD BOOK NUMBER | |
| ISBN | 9789383305452 |
| 082 ## - DEWEY DECIMAL CLASSIFICATION NUMBER | |
| Classification number | 634.7726 |
| Item number | NAR/BA |
| 100 ## - MAIN ENTRY--AUTHOR NAME | |
| Personal name | Narayana, C.K |
| 245 ## - TITLE STATEMENT | |
| Title | Bananas And Plantains |
| Remainder of title | Postharvest Management , Storage, Ripening and Processing |
| 260 ## - PUBLICATION, DISTRIBUTION, ETC. (IMPRINT) | |
| Place of publication | New Delhi |
| Name of publisher | New India Publishing Agency |
| Year of publication | 2015 |
| 300 ## - PHYSICAL DESCRIPTION | |
| Number of Pages | 185 pages |
| 942 ## - ADDED ENTRY ELEMENTS (KOHA) | |
| Koha item type | Books |
| Withdrawn status | Lost status | Damaged status | Home library | Current library | Shelving location | Date acquired | Cost, normal purchase price | Full call number | Accession Number | Koha item type |
|---|---|---|---|---|---|---|---|---|---|---|
| KAUAET | KAUAET | NAHEP-CAAST Project | 07/09/2021 | 1450.00 | 634.7726 NAR/BA | 26000 | Books |
